00175nam a2200085Ia 4500100001500000245003900015260000900054082001800063300000800081 aGaur-Nitin aBlockchain with Hyperledger fabric c2020 a005.76 bGAU a724